Countries Most Similar To Sudan - Statistics

General Stats
  • This quiz has been taken 50 times
  • The average score is 15 of 20
Answer Stats
Rank Country Score % Correct
4 Egypt 71
97%
2 Chad 74.4
95%
13 Algeria 67.1
89%
8 Libya 68.5
89%
15 Morocco 65.7
89%
20 Tunisia 62.8
89%
1 Mauritania 76.4
86%
3 Yemen 73.6
86%
5 Eritrea 70.9
84%
18 Ethiopia 63.1
84%
14 South Sudan 66.1
84%
7 Niger 68.8
81%
6 Somalia 70.6
78%
10 Syria 67.5
73%
12 Djibouti 67.3
62%
9 Iraq 67.7
59%
11 Mali 67.3
57%
16 Jordan 65
43%
17 Palestine 63.8
41%
19 Afghanistan 63
35%
No matching quizzes found
Score Distribution
Percent of People with Each Score
Percentile by Number Answered
Your Score History
You have not taken this quiz